01196nam a2200265 a 450000100100000000500170001000800410002704000250006808200190009310000250011224500660013726000490020330000210025259000670027359000270034065000290036765000310039665000370042765000450046491000370050995201310054695201160067795201220079399900150091500000567220240412074203.0090821s2009 dr 000 j spa d aDO-SdBNPbspacBNPHU aA863.44bV468c1 aVentura, Abel91603010aCuentos latinoamericanos I :bobra inédita /cAbel Ventura. aSan Francisco de Macorís :bRinosa,c2009. a220 p. ;c23 cm. aLa biblioteca posee 3 ejemplares autografíados por el autor. aInventariado, 2020/MFF 0aCuentos dominicanos9176 0aLiteratura dominicana.967 4aLiteratura latinoamericana94717 4aAmérica latina en la literatura916031 aValidado. Control de calidad MFF 001054708DSaGRbGRcHDd2009-08-21iLF1l0oA863.44 V468cp5672-30r2020-06-25te. 3w2020-06-25yLFDSZPréstamo en sala 0010718PDaPDbPDcHDd2009-08-21iLF1l0oA863.44 V468cp5672-10r2020-06-25w2020-06-25yLFPDZNo se presta 0010718PDaPDbPDcHDd2009-08-21iLF1l0oA863.44 V468cp5672-20r2020-06-25te. 2w2020-06-25yLFPDZNo se presta c5470d5470